Anaphora: A cross-linguistic approach
Đã lưu trong:
| Tác giả chính: | |
|---|---|
| Định dạng: | Sách |
| Ngôn ngữ: | Undetermined |
| Được phát hành: |
Oxford, NY
Oxford Univ. Press
2000
|
| Những chủ đề: | |
| Các nhãn: |
Thêm thẻ
Không có thẻ, Là người đầu tiên thẻ bản ghi này!
|
| Thư viện lưu trữ: | Trung tâm Học liệu Trường Đại học Cần Thơ |
|---|
| LEADER | 00525nam a2200193Ia 4500 | ||
|---|---|---|---|
| 001 | CTU_57326 | ||
| 008 | 210402s9999 xx 000 0 und d | ||
| 020 | |b 1680000 | ||
| 082 | |a 415 | ||
| 082 | |b H874 | ||
| 100 | |a Yan Huang | ||
| 245 | 0 | |a Anaphora: A cross-linguistic approach | |
| 245 | 0 | |c Yan Huang | |
| 260 | |a Oxford, NY | ||
| 260 | |b Oxford Univ. Press | ||
| 260 | |c 2000 | ||
| 650 | |a typology ( linguistics ),anaphora ( linguistics ) | ||
| 904 | |i Minh | ||
| 980 | |a Trung tâm Học liệu Trường Đại học Cần Thơ | ||